• 首页
  • 本馆介绍
  • 公告通知
  • 最新文献
  • 馆藏检索
  • 电子资源
  • 读者导购
  • 参考咨询
  • 我的图书馆
  • 登录
  • 详细信息显示
  • 放入我的书架
  • 预约/预借图书
  • 作者相关作品
  • 分类相关作品
  • 丛书相关作品
  • 出版社相关作品

书目信息

  • 表格格式
  • 工作单格式
  • 卡片格式
题名:
生物学中的化学
    
 
作者: J.费希尔 , J.R.P.阿诺德 著
分册:  
出版信息: 北京   科学出版社  2002.08
页数: 233页
开本: 26cm
丛书名: 现代生物学精要速览中文版
单 册:
中图分类: O6
科图分类:
主题词: 化学
电子资源:
ISBN: 7-03-008385-7
000 00705nam0 2200229 45
001 0334278450
005 2003102309311795
010    @a7-03-008385-7@dRMB 35.00
100    @a20031023d2002 km y0chiy0120 ea
101 0  @achi
102    @aCN@b110000
200 1  @a生物学中的化学@Asheng wu xue zhong de hua xue@f(英)J.费希尔,J.R.P.阿诺德著@F(ying)J.fei xi er,J.R.P.a nuo de zhu
210    @a北京@c科学出版社@d2002.08
215    @a233页@d26cm
225 2  @a现代生物学精要速览中文版
410  0 @12001 @a现代生物学精要速览中文版
606 0  @a化学
690    @aO6@v3
701  0 @aJ.费希尔@AJ.fei xi er@4著
701  0 @aJ.R.P.阿诺德@AJ.R.P.a nuo de@4著
801  0 @aCN@bPFT@c20031023
905    @aBZT@dO6@e1@f6
    
    生物学中的化学/(英)J.费希尔,J.R.P.阿诺德著.-北京:科学出版社,2002.08
    233页;26cm.-(现代生物学精要速览中文版)
    
    
    ISBN 7-03-008385-7:RMB 35.00
    
●
相关链接 在五车中查询图书 在当当中查询图书 在豆瓣中查询图书


正题名:生物学中的化学     索取号:O6/1         预约/预借

序号 登录号 条形码 馆藏地/架位号 状态 备注
1 0353942   200446767   中心书库北库/ 北库021架A面5列3层50/ [索取号:O6/1] 在馆    
2 0353943   200446721   中心书库北库/ 北库021架A面5列3层53/ [索取号:O6/1] 在馆    
3 0353944   200446419   中心书库北库/ 北库021架A面5列3层52/ [索取号:O6/1] 在馆    
4 0353946   200446696   中心书库北库/ 北库021架A面5列3层51/ [索取号:O6/1] 在馆    
5 2001741277   2001741277   样本书库/样005架B面4层3列/ [索取号:O6/1] 在馆    
山东省滨州职业学院图书馆 欢迎您!
大连网信软件有限公司© 版权所有